Single sourcing (Record no. 10458)
[ view plain ]
| 000 -LEADER | |
|---|---|
| fixed length control field | 01073nam a22002894a 4500 |
| 082 04 - DEWEY DECIMAL CLASSIFICATION NUMBER | |
| Classification number | 808/.0666 |
| 100 1# - MAIN ENTRY--AUTHOR NAME | |
| Personal name | Ament, Kurt, |
| 245 10 - TITLE STATEMENT | |
| Title | Single sourcing |
| 260 ## - PUBLICATION, DISTRIBUTION, ETC. (IMPRINT) | |
| Place of publication | Norwich, NY : |
| Name of publisher | William Andrew Pub., |
| Year of publication | c2003. |
| 300 ## - PHYSICAL DESCRIPTION | |
| Number of Pages | xv, 230 p. |
| 500 ## - GENERAL NOTE | |
| General note | Includes index. |
| 650 #0 - SUBJECT ADDED ENTRY--TOPICAL TERM | |
| Topical Term | Technical writing. |
| 856 40 - ELECTRONIC LOCATION AND ACCESS | |
| Uniform Resource Identifier | http://site.ebrary.com/lib/rucke/Doc?id=10265862 |
No items available.
